World Holidays - Statistics

General Stats
  • This quiz has been taken 17,836 times
    14,459 since last reset
  • The average score is 9 of 20
Answer Stats
Where When Holiday % Correct
Many Commonwealth countries December 26 Boxing Day
75%
Ireland March 17 St. Patrick's Day
72%
Islamic world 9th Month Ramadan
63%
France July 14 Bastille Day
57%
China 1st Month, 1-3 Chinese New Year
56%
WWI Allies November 11 Armistice Day
53%
Christian world First day of Lent Ash Wednesday
53%
United States, Mexico May 5 Cinco de Mayo
52%
Canada October, 2nd Monday Thanksgiving
45%
Many Catholic countries November 1 All Saints Day
43%
United Kingdom November 5 Guy Fawkes Night
42%
Mexico November 1-2 Día de Muertos
41%
Canada July 1 Canada Day
38%
Australia January 26 Australia Day
35%
India 5 Days usually around November Diwali
31%
Israel Tishrei 10 Yom Kippur
28%
Soviet Union May 1 May Day
26%
Vietnam 1st Month, 1-3 Tet
23%
Most Christian countries December 26 St. Stephen's Day
15%
Islamic world 12th Month, 7-13 Hajj
8%
No matching quizzes found
Score Distribution
Percent of People with Each Score
Percentile by Number Answered
Your Score History
You have not taken this quiz since the last reset